| 000 | 00943nam a2200229 a 4500 | ||
|---|---|---|---|
| 001 | 20559 | ||
| 003 | CO-ViMGA | ||
| 008 | 141112s2004 ck r 000 u spa d | ||
| 020 | _a9500603993 | ||
| 040 |
_aCO-ViMGA _bspa _cCO-ViMGA |
||
| 082 | 0 | 4 | _a616.521 C673a |
| 100 | 1 |
_aCordero , Alejandro; Crespi, Hector _929759 |
|
| 245 | 1 | 0 | _aEl eccema infantil |
| 260 |
_aBuenos Aires : _bMedica panmericana, _c1998 |
||
| 300 | _a121p | ||
| 505 | _aEl eccema atópico 12 - - El eccema atópico. Evolución y pronóstico 85 - - Conocimientos y consejos del dermatólogo al paciente con eccema atópico y sus convivientes 91 - - El eccema seborreico 95 | ||
| 590 | _aForma de adquisición : Compra fact.0536 - - Precio : 99000 - - Proveedor : Temas y libros - - Fecha de adquisición : Abril 2006 | ||
| 650 | 1 | 4 |
_aDERMATOLOGÍA PEDIATRICA _929760 |
| 650 | 1 | 4 |
_aECCEMA INFANTIL _929761 |
| 650 | 1 | 4 |
_aENFERMEDADES DE LA PIEL _951404 |
| 942 |
_2ddc _cBK |
||
| 999 |
_c29553 _d29553 |
||